Movies Quiz

Random Movies or Actor Quiz

The Last Word: James Bond Actors Quiz Stats

 Plays Quiz Updated Jan 10, 2019

Score 0/72 Timer 06:00
0 Plays Today
Hint Answer % Correct
Léa SeydouxBeast
97.3%
Famke JanssenSeek
95.1%
Léa SeydouxHotel
94.9%
Léa SeydouxHood
94.6%
Famke JanssenWord
93.8%
Léa SeydouxBasterds
93.8%
Famke JanssenMan
92.4%
Léa SeydouxColor
92.3%
Christopher WalkenFiction
92.1%
Christopher LeeFactory
91.5%
Diana RiggDream
91%
Christopher WalkenBook
90.1%
Javier BardemMen
89.8%
Steven BerkoffTattoo
88.4%
Steven BerkoffOrange
87.7%
Jonathan PryceCaribbean
87.4%
Famke JanssenHill
87.3%
Famke JanssenPast
85.6%
Judi DenchPrejudice
85%
Steven BerkoffCop
83.5%
Halle BerryBall
83.5%
Curd JürgensDay
83%
Javier BardemLove
82.8%
Christopher WalkenReturns
82.7%
Judi DenchView
82.7%
Halle BerryEve
82.4%
Christopher LeeJourney
82.4%
Curd JürgensFace
82.2%
Jane SeymourRobinson
80.7%
Curd JürgensKong
80.6%
Jonathan PryceFlash
79.4%
Diana RiggCaesar
78.7%
Jane SeymourGalactica
77.6%
Christopher WalkenHall
77.5%
Halle BerryStand
76.3%
Judi DenchEarnest
75.2%
Hint Answer % Correct
Léa SeydouxWorld
75.1%
Jonathan PryceRoss
74.7%
Christopher WalkenYork
74.5%
Javier BardemMouth
74.4%
Jonathan PryceStories
74.3%
Christopher LeeMountain
73.2%
Diana RiggWhite
72.3%
Jonathan PryceGrimm
71.1%
Christopher LeeDarkness
70.7%
Halle BerryAtlas
69.4%
Curd JürgensKill!
69.3%
Jane SeymourRabbit
66.8%
Javier BardemBarcelona
66%
Famke JanssenHunters
62.4%
Diana RiggCaper
61.4%
Halle BerryScout
61.3%
Curd JürgensWoman
60.4%
Diana RiggSun
59%
Christopher LeeCompass
54.4%
Jane SeymourCrashers
53.3%
Javier BardemDevil
52.9%
Javier BardemCholera
52.6%
Jonathan PryceInnocence
52.2%
Judi DenchRiddick
51.1%
Diana RiggMusic
45.5%
Jane SeymourTiger
44.4%
Christopher LeeMusketeers
41.7%
Judi DenchScandal
39.8%
Steven BerkoffLyndon
35.9%
Steven BerkoffMoon
35.3%
Judi DenchNews
34%
Christopher WalkenRomance
32.5%
Jane SeymourWar
29.8%
Curd JürgensHappiness
20.4%
Halle BerryStranger
15.9%
Steven BerkoffBeginners
14.8%

You're not logged in!

Compare scores with friends on all Sporcle quizzes.
OR
Log In

Show Comments

Extras

Top Quizzes Today


Score Distribution

Your Account Isn't Verified!

In order to create a playlist on Sporcle, you need to verify the email address you used during registration. Go to your Sporcle Settings to finish the process.

Report this User

Report this user for behavior that violates our Community Guidelines.

Details: